00000000nam 2200000za 4500
0019.576570
003CaOODSP
00520221107134046
007cr |||||||||||
008150406s1968    cn abod|o    f|01 0 eng d
040 |aCaOODSP|beng
043 |an-cn-bc
0861 |aA54-3/4-1E-PDF
1001 |aCalder, James A.
24510|aFlora of the Queen Charlotte Islands |nPart 1, |pSystematics of the vascular plants |h[electronic resource] / |cJames A. Calder and Roy L. Taylor.
24630|aSystemics of the vascular plants
260 |aOttawa : |bResearch Branch, Canada Department of Agriculture, |c1968.
300 |axiii, 659 p. : |bill. (some col.) , maps
4901 |aMonograph / Research Branch, Canada Department of Agriculture |vNo. 4, Part 1
500 |aHistorical publication digitized by Agriculture and Agri-Food Canada.
504 |aIncludes bibliographical references and index.
590 |a13-17-Supp|b2013-07-25
69007|aWild plants|2gcpds
69007|aBotany|2gcpds
69007|aFlora|2gcpds
69007|aWestern provinces|2gcpds
7001 |aTaylor, Roy L.
7101 |aCanada.|bAgriculture Canada.|bResearch Branch.
830#0|aMonograph (Canada. Dept. of Agriculture. Research Branch)|vNo. 4, Part 1 |w(CaOODSP)9.507514
85640|ahttp://publications.gc.ca|qPDF|s58.01 MB|uhttps://publications.gc.ca/collections/collection_2013/aac-aafc/agrhist/A54-3-4-1-eng.pdf|yNo. 4, Part 1